| 000 | 00408cam a22001337a 4500 | ||
|---|---|---|---|
| 008 | 180718b1956 xxu||||| |||| 00| 0 eng d | ||
| 082 | _aQ61x54 In2 | ||
| 100 | _aIndia. Advisory Committee on After-care Programmes | ||
| 245 | _aAdvisory Committee on After-care Programmes: report | ||
| 260 |
_aDelhi _bThe author _c1956 |
||
| 300 | _a421+p. | ||
| 500 | _aChairman: M.S. Gore | ||
| 700 | _aGore, M.S. (Chairman) | ||
| 999 |
_c489603 _d489603 |
||